00452nam a22001337a 4500082001800000100001700018245006700035260004400102300000700146650001500153942000800168952012500176999001700301 a324.24508 RAT aRathod, Sadf aPedagogy to Reduce the Effects of Communalization of Textbooks aHyderabadbHenry Martyn Institutec2007 a37 aCommulaism cRRB 00104070aHMIbHMId2017-03-31eHenry Martyh Instituteg100.00l0o324.24508 RATp11-1696r2017-03-31w2017-03-31yRRB c20382d20382